Κατάλογος Βιβλιοθηκών Mediterranean College

Κείμενα Εξελικτικής Ψυχολογίας / Κοινωνική Ανάπτυξη: Γ' Τόμος (Record no. 300)

MARC details
000 -LEADER
fixed length control field 01648cam a22001814a 4500
005 - ΗΜΕΡΟΜΗΝΙΑ ΚΑΙ ΩΡΑ ΤΕΛΕΥΤΑΙΑΣ ΕΝΗΜΕΡΩΣΗΣ
Πεδίο ελέγχου 20250605163221.0
008 - FIXED-LENGTH DATA ELEMENTS--GENERAL INFORMATION
Πεδίο ελέγχου σταθερού μήκους 250528s ||||||||||||||||||||||||d
035 ## - SYSTEM CONTROL NUMBER
System control number 14678
020 ## - ISBN
ISBN 9600103372
040 ## - ΠΗΓΗ ΚΑΤΑΛΟΓΟΓΡΑΦΗΣΗΣ
Φορέας πρωτότυπης καταλογογράφησης MC Athens Campus Library
Γλώσσα καταλογογράφησης Ελληνικά, Μοντέρνα (1453-)
Modifying agency MC Athens Campus Library
Κανόνες περιγραφικής καταλογογράφησης AACR2
245 1# - ΤΙΤΛΟΣ ΚΑΙ ΔΗΛΩΣΗ ΥΠΕΥΘΥΝΟΤΗΤΑΣ
Τίτλος Κείμενα Εξελικτικής Ψυχολογίας / Κοινωνική Ανάπτυξη: Γ' Τόμος
260 ## - PUBLICATION, DISTRIBUTION, ETC.
Name of publisher, distributor, etc. Gutenberg,
Date of publication, distribution, etc. 1995
300 ## - PHYSICAL DESCRIPTION
Extent 196
520 ## - SUMMARY, ETC.
Summary, etc. Τα άρθρα που έχουν μεταφραστεί αντιπροσωπεύουν μερικές από τις πιο σημαντικές πτυχές της σύγχρονης έρευνας στην ψυχολογία της ανάπτυξης του παιδιού. Κοινωνική Γνώση και Κοινωνική Συμπεριφορά: Εισαγωγικό Σημείωμα, Μεταβλητές που Επηρεάζουν την Ανάπτυξη της Προσκόλληση, Οι Πρώτες Μορφές της Κοινωνικής Κατανόησης, Σκέψη και Συναίσθημα και Συμπεριφορά στο Πλαίσιο της Ηθικής Ανάπτυξης, Επιθετικά και Κοινωνικά Τηλεοπτικά Προγράμματα και η Συμπεριφορά των Παιδιών της Προσχολικής Ηλικίας, Αρμονικοί Γονείς και τα Προσχολικής Ηλικίας Παιδιά τους, Κοινωνικές Δεξιότητες και Φιλία, Επίκτητη Ανεπάρκεια και Αρνητική Αξιολόγηση.
942 ## - ADDED ENTRY ELEMENTS (KOHA)
Koha item type Books
Holdings
Τύπος τεκμηρίου Βιβλιοθήκη Τρέχουσα τοποθεσία Barcode Αριθμός εισαγωγής Ημερομηνία απόκτησης Ταξιθετικό σύμβολο Αριθμός αντιτύπου Κατάσταση απόσυρσης Κατάσταση χαμένου Κατάσταση κατεστραμμένου Μη δανεισμός Σύνολο δανεισμών Ημερομηνία τελευταίας εμφάνισης Η τιμή ισχύει από
Books MC Athens Campus Library MC Athens Campus Library 9780000002990 3565 05/06/2025 155.7 BOS V.C 1           05/06/2025 05/06/2025

MC Athens Campus Library
Πατησίων 94 & Κοδριγκτώνος 13, 104 34
Πελλήνης 8 & Πατησίων 107, 112 51
Τ: +30 210 8899600

MC Thessaloniki Campus Library
Ίωνος Δραγούμη 21, 54625 | Ίωνος Δραγούμη 15, 54625
Τ: +30 2310 287779 – Τ: +30 2314 440300